| 000 | 00921nam a2200241 i 4500 | ||
|---|---|---|---|
| 001 | 111864 | ||
| 003 | ES-MaACL | ||
| 005 | 20251002203805.0 | ||
| 007 | t| | ||
| 008 | 061121s1987 sp ao |||| | spa d | ||
| 020 | _a84-505-6278-3 | ||
| 245 | 0 | 3 |
_aLa naturaleza de Madrid / _cJosé Reinerio Baragaño...[et al.] ; editores, Emilio Fernández Galiano , Ángel Ramos Fernández. |
| 260 |
_aMadrid : _bConsejería de Agricultura y Ganadería , Servicio del Medio Natural, _c1987. |
||
| 300 |
_a301 p. : _bil. ; _c25 cm. |
||
| 500 | _aÍndice. | ||
| 504 | _aBibliografía. | ||
| 700 | 1 |
_aReinerio Baragaño, José. _996050 |
|
| 700 | 1 |
_aFernández-Galiano, Emilio, _d1923-2006 _9150965 |
|
| 700 | 1 |
_aRamos Fernández, Angel. _995310 |
|
| 710 | 2 |
_aMadrid (Comunidad Autónoma). _bConsejería de Agricultura y Ganadería. Servicio del Medio Natural. _95593 |
|
| 852 |
_aES-MaACL _jG-1918 |
||
| 999 |
_c111864 _d111864 |
||